| 000 | 00326nam a22001217a 4500 | ||
|---|---|---|---|
| 020 | _a9789383182039 | ||
| 082 |
_a670 _bKHA/PR |
||
| 100 |
_aKhanna,O.P _9457 |
||
| 245 | _aProduction Technology Manufacturing Processes- Volume-II | ||
| 260 |
_aNew Delhi _bDhanpat Rai Publications (P) Ltd _c2014 |
||
| 300 | _a38.15 | ||
| 942 | _cBK | ||
| 999 |
_c14323 _d14323 |
||